中国汉族比例超过99%的地级行政区(2020) - Statistics

General Stats
  • This quiz has been taken 66 times
  • The average score is 98 of 110
Answer Stats
省级 地级 比例 % Correct
山西 太原 99.32%
100%
山西 临汾 99.81%
98%
山西 运城 99.79%
98%
山西 晋中 99.75%
98%
陕西 咸阳 99.63%
98%
山西 大同 99.61%
98%
山西 吕梁 99.92%
96%
陕西 延安 99.90%
96%
陕西 渭南 99.87%
96%
陕西 榆林 99.80%
96%
江苏 连云港 99.76%
96%
江苏 徐州 99.76%
96%
山西 阳泉 99.68%
96%
山西 晋城 99.67%
96%
陕西 汉中 99.62%
96%
陕西 宝鸡 99.53%
96%
江西 赣州 99.27%
96%
河南 驻马店 99.26%
96%
山西 长治 99.18%
96%
山西 朔州 99.83%
94%
山西 忻州 99.82%
94%
安徽 淮北 99.73%
94%
山东 日照 99.70%
94%
江苏 盐城 99.68%
94%
河南 信阳 99.50%
94%
山东 淄博 99.37%
94%
河南 安阳 99.86%
92%
河南 鹤壁 99.84%
92%
湖北 黄冈 99.77%
92%
江苏 宿迁 99.74%
92%
江西 景德镇 99.71%
92%
江苏 淮安 99.67%
92%
陕西 铜川 99.61%
92%
湖北 鄂州 99.60%
92%
江苏 泰州 99.58%
92%
江西 鹰潭 99.57%
92%
山东 枣庄 99.51%
92%
陕西 商洛 99.48%
92%
安徽 芜湖 99.46%
92%
河北 邯郸 99.45%
92%
山东 临沂 99.42%
92%
山东 济宁 99.37%
92%
江西 南昌 99.22%
92%
江苏 南通 99.22%
92%
安徽 蚌埠 99.03%
92%
河南 濮阳 99.76%
90%
安徽 宿州 99.72%
90%
江西 萍乡 99.70%
90%
河北 衡水 99.69%
90%
湖北 咸宁 99.65%
90%
四川 广安 99.63%
90%
江西 新余 99.63%
90%
江西 九江 99.59%
90%
河北 邢台 99.59%
90%
湖北 黄石 99.59%
90%
江西 吉安 99.54%
90%
湖北 襄阳 99.54%
90%
江苏 扬州 99.40%
90%
山东 烟台 99.37%
90%
山东 潍坊 99.34%
90%
安徽 合肥 99.26%
90%
陕西 安康 99.19%
90%
山东 菏泽 99.18%
90%
湖北 荆州 99.14%
90%
江苏 镇江 99.09%
90%
河南 漯河 99.01%
90%
湖北 随州 99.76%
88%
江西 宜春 99.73%
88%
湖北 孝感 99.73%
88%
安徽 铜陵 99.68%
88%
江西 上饶 99.66%
88%
湖南 岳阳 99.61%
88%
安徽 安庆 99.58%
88%
湖南 衡阳 99.53%
88%
河南 三门峡 99.53%
88%
山东 东营 99.50%
88%
四川 自贡 99.47%
88%
湖北 荆门 99.29%
88%
安徽 马鞍山 99.27%
88%
河南 新乡 99.21%
88%
安徽 滁州 99.05%
88%
四川 达州 99.04%
88%
河南 洛阳 99.02%
88%
安徽 黄山 99.56%
86%
湖北 十堰 99.50%
86%
广东 湛江 99.35%
86%
山东 滨州 99.19%
86%
安徽 阜阳 99.17%
86%
广东 梅州 99.69%
84%
四川 巴中 99.68%
84%
安徽 六安 99.64%
84%
安徽 宣城 99.34%
84%
四川 德阳 99.12%
84%
湖南 湘潭 99.02%
84%
江西 抚州 99.69%
82%
四川 南充 99.58%
82%
四川 资阳 99.51%
82%
四川 广元 99.22%
82%
四川 眉山 99.10%
82%
安徽 池州 99.59%
80%
四川 遂宁 99.55%
80%
广东 汕尾 99.51%
80%
四川 内江 99.47%
80%
广东 茂名 99.40%
80%
广东 云浮 99.28%
80%
广东 揭阳 99.27%
80%
湖南 娄底 99.55%
78%
甘肃 庆阳 99.50%
78%
湖南 株洲 99.07%
78%
湖南 益阳 99.37%
72%
No matching quizzes found
Score Distribution
Percent of People with Each Score
Percentile by Number Answered
Your Score History
You have not taken this quiz